[Event "Deltalift op"]
[Site "Halmstad"]
[Date "2014.05.29"]
[Round "1"]
[White "Wiander, Michael"]
[Black "Thomasson, Staffan"]
[Result "1-0"]
[WhiteElo "2204"]
[BlackElo "1887"]
[PlyCount "49"]
[EventDate "2014.03.29"]
[EventType "swiss"]
[EventRounds "8"]
[EventCountry "SWE"]
[SourceTitle "EXT 2015"]
[Source "ChessBase"]
[SourceDate "2014.11.20"]
[SourceVersion "1"]
[SourceVersionDate "2014.11.20"]
[SourceQuality "1"]

1. e4 d5 2. d4 dxe4 3. Nc3 Nf6 4. f3 Bf5 5. fxe4 Nxe4 6. Qf3 Nd6 7. Bf4 e6 8. 0-0-0 c6 9. g4 Bg6 10. Nge2 Be7 11. Ng3 Qa5 12. h4 h5 13. Be5 hxg4 14. Qxg4 Nd7 15. h5 Bf5 16. Qf4 Nxe5 17. dxe5 Nb5 18. Bxb5 cxb5 19. Nxf5 exf5 20. Qxf5 b4 21. Rhf1 0-0 22. Nd5 Rae8 23. Kb1 Qc5 24. Rg1 Rd8 25. h6 1-0

[Event "Prague Holiday K21"]
[Site "Prague"]
[Date "2013.07.28"]
[Round "9"]
[White "Vitek, Jan"]
[Black "Thomasson, Staffan"]
[Result "1/2-1/2"]
[WhiteElo "1824"]
[BlackElo "1908"]
[PlyCount "29"]
[EventDate "2013.07.21"]
[EventType "tourn"]
[EventRounds "9"]
[EventCountry "CZE"]
[SourceTitle "EXT 2023"]
[Source "ChessBase"]
[SourceDate "2022.10.05"]
[SourceVersion "1"]
[SourceVersionDate "2022.10.05"]
[SourceQuality "1"]

1. f4 d5 2. Nf3 g6 3. e3 Bg7 4. d4 Nh6 5. Be2 Bf5 6. Nc3 Nc6 7. Ne5 Nb4 8. Nd3 Nxd3+ 9. Bxd3 0-0 10. Bxf5 Nxf5 11. g4 Nh4 12. 0-0 c5 13. f5 Qd7 14. dxc5 d4 15. e4 1/2-1/2

[Event "Prague Holiday K21"]
[Site "Prague"]
[Date "2013.07.24"]
[Round "6"]
[White "Thomasson, Staffan"]
[Black "Franek, Jan1111"]
[Result "0-1"]
[WhiteElo "1908"]
[BlackElo "1953"]
[PlyCount "73"]
[EventDate "2013.07.21"]
[EventType "tourn"]
[EventRounds "9"]
[EventCountry "CZE"]
[SourceTitle "EXT 2023"]
[Source "ChessBase"]
[SourceDate "2022.10.05"]
[SourceVersion "1"]
[SourceVersionDate "2022.10.05"]
[SourceQuality "1"]

1. c4 e6 2. Nf3 d5 3. e3 c6 4. b3 f5 5. Bb2 Nf6 6. d3 Nbd7 7. Nbd2 Bd6 8. Be2 0-0 9. 0-0 e5 10. Rc1 e4 11. Nd4 Ne5 12. cxd5 exd3 13. Bf3 cxd5 14. Nb5 a6 15. Nxd6 Qxd6 16. Bxe5 Qxe5 17. Nb1 Bd7 18. Nc3 Bc6 19. Qxd3 Rad8 20. Rfd1 Rd6 21. Ne2 Ne4 22. g3 g5 23. a4 Rg6 24. Nd4 Rh6 25. Nxc6 bxc6 26. Bxe4 fxe4 27. Qf1 g4 28. Rc5 Rff6 29. Ra5 Qf5 30. Rxa6 Rxh2 31. Ra8+ Kf7 32. Ra7+ Ke6 33. Ra6 Qxf2+ 34. Qxf2 Rfxf2 35. Rxc6+ Ke5 36. Rd4 Rfg2+ 37. Kf1 0-1

[Event "Prague Holiday K21"]
[Site "Prague"]
[Date "2013.07.23"]
[Round "4"]
[White "Hanl, Frantisek"]
[Black "Thomasson, Staffan"]
[Result "1-0"]
[WhiteElo "1935"]
[BlackElo "1908"]
[PlyCount "73"]
[EventDate "2013.07.21"]
[EventType "tourn"]
[EventRounds "9"]
[EventCountry "CZE"]
[SourceTitle "EXT 2023"]
[Source "ChessBase"]
[SourceDate "2022.10.05"]
[SourceVersion "1"]
[SourceVersionDate "2022.10.05"]
[SourceQuality "1"]

1. e4 c5 2. Nf3 e6 3. d4 cxd4 4. Nxd4 a6 5. Bd3 Qc7 6. 0-0 Nf6 7. c4 Be7 8. Nc3 d6 9. Kh1 Nbd7 10. f4 Nc5 11. f5 e5 12. Nde2 b6 13. Nd5 Qb7 14. Nec3 Bd7 15. Nxe7 Kxe7 16. Bg5 Bc6 17. Nd5+ Bxd5 18. cxd5 Kd7 19. Bxf6 gxf6 20. b4 Nxd3 21. Qxd3 h5 22. Rfc1 Rac8 23. b5 Rc5 24. Rxc5 dxc5 25. bxa6 Qc7 26. Qb5+ Kd6 27. Rb1 Rb8 28. h3 c4 29. a7 Qxa7 30. Qc6+ Ke7 31. Qxc4 Qd7 32. Rc1 Rb7 33. Rc2 Ra7 34. Qb3 Qa4 35. Rc7+ Ke8 36. Rc8+ Ke7 37. Qxb6 1-0